| 000 | 00605nam a22001937a 4500 | ||
|---|---|---|---|
| 003 | OSt | ||
| 005 | 20251121140628.0 | ||
| 008 | 251121b |||||||| |||| 00| 0 eng d | ||
| 020 | _a0-471-17669-9. | ||
| 040 |
_aDWCL-Main liib _cOC |
||
| 082 | _aCirc. 150 H236 2003 | ||
| 100 | _aWeiner, Irving B. | ||
| 245 |
_aHandbook of Psychology _cWeiner, Irving B. |
||
| 260 |
_aN. J. : _bJohn Wiley & Sons, Inc., _cc2003. |
||
| 300 |
_a12 various : _billustration (some colored) ; _c28cm. |
||
| 504 | _aIncludes bibliographical references and index. | ||
| 650 | _21. Psychology. | ||
| 942 |
_2ddc _cBK-CIRC _kCirc. _n0 |
||
| 999 |
_c6005 _d6005 |
||